000 00759nam a2200217 a 4500
005 20240228063726.0
008 081110s2007 mx r 000 0 spa d
020 _a9685938474
035 _aUPN01000167648
049 _aI
050 4 _aQP37
_bP3.3
100 1 _aParker, Steve,
_d1952-
_928596
245 1 0 _a100 cosas que debes saber sobre el cuerpo humano /
_cSteve Parker ; tr. Roberto Escalona.
260 _aMéxico :
_bSigno,
_cc2007
300 _a48 p. :
_bil. col.
440 0 _a100 cosas que debes saber sobre...
_pClub de lectores
534 _pTítulo original:
_t100 things you should know about human body
650 4 _aCuerpo humano
_vLiteratura infantil
_912325
650 4 _aANATOMIA HUMANA -
_vLITERATURA INFANTIL
_9577
905 _aInfantil
999 _c139759
_d139759